00439nam a2200157Ia 4500003000400000005001700004008004000021040000700061041001200068082001700080100002400097245005600121260005000177300001200227650004200239OSt20230613143053.0210210b1990 xxu||||| |||| 00| 0 eng d cAL aKonkani a891.469 NAYS aNAYAK (Pratap), Ed. aSolavya shekadyantlen konkani Mahabharat: adi parv. aPanaji.bThamas Stivans Konkani Kendr.,c1990 axxx,186 aKonkani Mahabharat Mhabharat Adi Parv